Statistiken für Fragen zum Deutschen Kaiserreich

Klicken Sie hier um das Quiz zu spielen!

Allgemein

  • Dieses Quiz wurde 70 mal gespielt
    (69 seit der letzten Aktualisierung)
  • Das Durchschnittsergebnis liegt bei 7 aus 15

Antwortstatistiken

FrageAntwort% Korrekt
Wann wurde das Deutsche Kaiserreich offiziell gegründet1871
90%
Wo wurde es gegründetVersailles
73%
Wer war der erste KaiserWilhelm I.
64%
Welches war das Dreikaiserjahr1888
63%
Was war die Staats- und Regierungsformföderale konstitutionelle Monarchie
63%
In welchem Verhältnis stand der letzte Kaiser zu Georg VCousin
54%
Welchen Titel trug der Kaiser dazu noch?König von Preußen
53%
Was war die WährungMark
53%
Was war der Vorgänger des KaiserreichesNorddeutscher Bund
34%
Wie viele Bundesstaaten gab es25
32%
Wieviele einwohner hat das Reich ohne Kolonien ca. in Milionen (1910)65
25%
Wodurch wurde es beendetNovemberrevolution
22%
Was die Nationalhymne auch bekannt unter KaiserhymneHeil dir im Siegerkranz
14%
Wie hießen die Kriege, die das Reich gründetenReichseinigungskriege
12%
Inwiefern unterschied sich das deutsche Bildungssystem im Kaiserreich von anderen europäischen Ländern?Elitefokussiert
0%

Verteilung der Resultate

Perzentil nach korrekt beantworteten Fragen

Anzahl Personen mit jedem Resultat

Ihre Resultats-Entwicklung

Sie haben dieses Quiz seit der letzten Aktualisierung nicht gespielt